Harry Potter Characters A-Z by Mention (First Name) - Statistics

General Stats
  • This quiz has been taken 1,106 times
    1,102 since last reset
  • The average score is 12 of 24
Answer Stats
A-Z Answer # % Correct
H Harry Potter 18,956
96%
R Ron Weasley 6,464
94%
A Albus Dumbledore 2,421
91%
S Severus Snape 1,956
74%
F Fred Weasley 920
72%
G George Weasley 821
72%
D Draco Malfoy 1,198
70%
L Luna Lovegood 356
69%
M Minerva McGonagall 770
67%
N Neville Longbottom 810
66%
T Tom Riddle 1,797
61%
J James Potter 190
51%
X Xenophilius Lovegood 124
47%
P Peter Pettigrew 486
39%
V Vernon Dursley 530
38%
Q Quirinus Quirrell 122
37%
O Oliver Wood 208
33%
B Barty Crouch Sr. 295
29%
I Igor Karkaroff 165
25%
C Cornelius Fudge 493
23%
Z Zacharias Smith 48
21%
E Ernie MacMillan 92
17%
K Kreacher 312
15%
W William "Bill" Weasley 302
13%
No matching quizzes found
Score Distribution
Percent of People with Each Score
Percentile by Number Answered
Your Score History
You have not taken this quiz since the last reset